| 000 | 00399 a2200133 4500 | ||
|---|---|---|---|
| 001 | 93262 | ||
| 082 | _aPR 2589 | ||
| 090 |
_c44774 _d44775 |
||
| 100 | _aAdeel Ahmed; Prof Mujahid Anwar & Ibraheem Hanif (Advisors) | ||
| 245 |
_aLife Enhancement of a Military Aircraft Through Load Spectra Comparison _n80'A' EC |
||
| 260 |
_aIslamabad _bNUST _c 2015 |
||
| 300 | _a62p. | ||
| 500 | _aBE Project Report | ||
| 942 |
_aCAE NUST _kPR 2589 |
||
| 999 |
_c328335 _d328335 |
||